01027nas a2200277Ia 4500001002800000003001000028008004100038040002500079041001300104100002500117210001300142222001300155245006300168250001100231260000900242501012300251300001400374362001600388500006400404650002300468700001100491942000700502957000600509999003300515952020100548A06/R063-19185 [r000018331]IT-MiCISF161014c99999999xx |||||||||||| ||und|| aIT-MiCISFcIT-MiCISF aITALIANO aD'Agostino Francesco aBioetica aBioetica 0aLa famiglia, il diritto e le nuove tecnologie riproduttive a1a ed. c1994 bCISF - Centro Internazionale Studi Famiglia - Via Giotto, 36 20145 MILANO (non commercial uses only)cCopyright 2016 app. 83-88 an. 1 [1994] a Tema: bioetica, tecnologie-riproduttive, famiglia, diritto aBIOETICAvarticolo aAA.VV. cCR 71 a19185bSig1c223896d223896 0010406A_06_000000000000000_R06319185_R00001833171aCISFbCISFd2016-10-14l0oA06/R063-19185 [r000018331]r2016-10-14 00:00:00w2016-10-14yCRzData import 15.10.2016 / by Epidotti, Vaglietti